Nguyên lý kế toán : Tài liệu hướng dẫn học tập
Giới thiệu khái quát về kế toán, phương pháp kế toán, kế toán các quá trình sản xuất kinh doanh chủ yếu, chứng từ kế toán và hình thức kế toán.
محفوظ في:
| المؤلف الرئيسي: | |
|---|---|
| التنسيق: | كتاب |
| اللغة: | Undetermined |
| منشور في: |
Cần Thơ
Nxb. Đại học Cần Thơ
2012
|
| الموضوعات: | |
| الوسوم: |
إضافة وسم
لا توجد وسوم, كن أول من يضع وسما على هذه التسجيلة!
|
| Thư viện lưu trữ: | Trung tâm Học liệu Trường Đại học Cần Thơ |
|---|
| LEADER | 00849nam a2200205Ia 4500 | ||
|---|---|---|---|
| 001 | CTU_229447 | ||
| 008 | 210402s9999 xx 000 0 und d | ||
| 082 | |a 657 | ||
| 082 | |b Th108 | ||
| 100 | |a Trần, Thị Minh Thảo | ||
| 245 | 0 | |a Nguyên lý kế toán : | |
| 245 | 0 | |b Tài liệu hướng dẫn học tập | |
| 245 | 0 | |c Trần Thị Minh Thảo (Biên soạn) | |
| 260 | |a Cần Thơ | ||
| 260 | |b Nxb. Đại học Cần Thơ | ||
| 260 | |c 2012 | ||
| 520 | |a Giới thiệu khái quát về kế toán, phương pháp kế toán, kế toán các quá trình sản xuất kinh doanh chủ yếu, chứng từ kế toán và hình thức kế toán. | ||
| 650 | |a Kế toán,Accounting | ||
| 910 | |b nthai | ||
| 980 | |a Trung tâm Học liệu Trường Đại học Cần Thơ | ||